[Event "Antioquia Region-ch U12 Girls"]
[Site "Medellin"]
[Date "2011.03.11"]
[Round "1.3"]
[White "Ramirez, Manuela"]
[Black "Rios Serna, Valentina"]
[Result "1-0"]
[WhiteElo "1467"]
[BlackElo "1355"]
[PlyCount "25"]
[EventDate "2011.03.11"]
[EventType "swiss"]
[EventRounds "5"]
[EventCountry "COL"]
[SourceTitle "EXT 2024"]
[Source "ChessBase"]
[SourceDate "2023.10.10"]
[SourceVersion "1"]
[SourceVersionDate "2023.10.10"]
[SourceQuality "1"]

1. e4 e5 2. Nf3 Nf6 3. Nc3 Nc6 4. Bc4 Bc5 5. d3 0-0 6. Bg5 d6 7. Nd5 Bg4 8. Nxf6+ Kh8 9. Nd5 Qxg5 10. Nxg5 Bxd1 11. Rxd1 Rfe8 12. Nxc7 Re7 13. Nxa8 1-0

[Event "East Region-ch U10"]
[Site "Medellin"]
[Date "2011.03.??"]
[Round "3.4"]
[White "Marin Cuadros, Sebastian"]
[Black "Rios Serna, Valentina"]
[Result "1-0"]
[WhiteElo "1430"]
[BlackElo "1355"]
[PlyCount "63"]
[EventDate "2011.03.03"]
[EventType "tourn"]
[EventRounds "6"]
[EventCountry "COL"]
[SourceTitle "EXT 2024"]
[Source "ChessBase"]
[SourceDate "2023.10.10"]
[SourceVersion "1"]
[SourceVersionDate "2023.10.10"]
[SourceQuality "1"]

1. e4 e5 2. Nf3 Nc6 3. Bc4 Bc5 4. c3 Nf6 5. d4 exd4 6. cxd4 Bb6 7. Ng5 0-0 8. Nc3 Nxd4 9. Be3 h6 10. Nh3 d5 11. Nxd5 Nxd5 12. Bxd5 c6 13. Bc4 Ba5+ 14. Kf1 Re8 15. f3 b5 16. Bxf7+ Kxf7 17. Qxd4 Qh4 18. b4 Bb6 19. Qd3 Re7 20. Qb3+ Kf8 21. Bxb6 axb6 22. Qc3 Ra4 23. Qxc6 Be6 24. Qxb6 Rea7 25. Qc5+ Qe7 26. Qxe7+ Kxe7 27. Nf4 Rb7 28. Nd5+ Kd6 29. Kf2 Bc8 30. Rhd1 Ra8 31. Nb6+ Kc7 32. Nxa8+ 1-0